000 00645nam a2200205 i 4500
001 101177
003 ES-MaACL
005 20250716063253.0
007 t|
008 051014s1970 sp ||||1| cat d
100 1 _aMauriac, François,
_d1885-1970
_979251
245 1 0 _aGenitrix /
_cFrançois Mauriac; traducció del francés per Osvald Cardona; práoleg de Maurici Serrahima.
250 _a[1ª ed.].
260 _aBarcelona :
_bProa,
_c1970.
300 _a166 p. ;
_c17 cm.
700 1 _aCardona, Osvald.
_935182
700 1 _aSerrahima, Maurici.
_9105674
852 _aES-MaACL
_jC-44435
_bR.73286
999 _c101177
_d101177